De la edad del hielo a la civilización : (Registro nro. 10455)

Detalles MARC
000 -LIDER
fixed length control field 01228nam a2200361 b 4500
001 - NÚMERO DE CONTROL
Identificador de número de control 0001987
003 - IDENTIFICACDOR DE NÚMERO DE CONTROL
control field DO-SdBNP
005 - DATE AND TIME OF LATEST TRANSACTION
control field 20220516112102.0
007 - CAMPOS FIJOS DE DESCRIPCIÓN FÍSICA
fixed length control field 0001987
008 - ELEMENTOS DE LONGITUD FIJA
fixed length control field 041123s2004 sp | ||| ||spa
016 7# - NO. DE CONTROL DE LA AGENCIA BIB. NACIONAL
Record control number
Source BPMSU
017 ## - NÚMERO DE REGISTRO DE DERECHOS DE AUTOR
Copyright or legal deposit number
Assigning agency
020 ## - ISBN
International Standard Book Number 8449428246
035 ## - NÚMERO LOCAL
System control number
040 ## - FUENTE DE CATALOGACIÓN
Agencia que crea de manera original el registro BPMSU
Idioma de catalogación spa
Agencia que realiza la transcripción BPMSU
Convenciones de la despripción
080 #0 - NÚMERO DE CLASIFICACIÓN DECIMAL UNIVERSAL
Universal Decimal Classification number
082 #4 - NÚMERO DE CLASIFICACIÓN DECIMAL DE DEWEY
Classification number 573.2
Item number E21h 2004
Edition number 22
245 06 - MENCIÓN DE TITULO
Título De la edad del hielo a la civilización :
Subtítulo el origen de la humanidad /
Mención de responsabilidad dirección de contenidos José A. Vidal ; colaboradores, Jesús Emilio González Urquijo ... et al.]
Medio (Designación general de material)
260 ## - PUBLICACIÓN, DISTRIBUCIÓN, ETC. (PIE DE IMPRENTA)
Lugar de publicación, distribución, etc Barcelona :
Nombre del editor, distribuidor, etc. Océano,
Fecha de publicación, distribución, etc 2004
300 ## - DESCRIPCIÓN FÍSICA
Extensión 396 p. :
Otros detalles físicos il. col., gráf., mapas
Dimensiones 32 cm.
505 0# - NOTA DE CONTENIDO
Título Cazadores de la edad del hielo --
-- De cazadores a campesinos --
-- La Edad de Bronce --
-- Los grandes imperios de Mesopotamia.
590 ## - NOTA LOCAL
Enlace Inventariado, 2022
650 #4 - ENCABEZAMIENTO DE MATERIA--TEMÁTICO
Término temático o nombre geográfico como elemento de entrada Evolución humana
Fuente del encabezamiento o término
650 #4 - ENCABEZAMIENTO DE MATERIA--TEMÁTICO
Término temático o nombre geográfico como elemento de entrada Origen del hombre
650 #4 - ENCABEZAMIENTO DE MATERIA--TEMÁTICO
Término temático o nombre geográfico como elemento de entrada Genética
650 #4 - ENCABEZAMIENTO DE MATERIA--TEMÁTICO
Término temático o nombre geográfico como elemento de entrada Hombres prehistóricos
700 1# - ASIENTO SECUNDARIO -- NOMBRE PERSONAL
Nombre personal Solar, David
Fechas asociadas con el nombre 1943-
700 1# - ASIENTO SECUNDARIO -- NOMBRE PERSONAL
Nombre personal Villalba, Javier
Forma completa del nombre Villalba López
700 1# - ASIENTO SECUNDARIO -- NOMBRE PERSONAL
Nombre personal González Urquijo, Jesús Emilio
740 ## - ASIENTO SECUNDARIO DE TÍTULOS RELACIONADOS O ANALÍTICOS NO CONTROLADOS
Título analítico o relacionado no controlado El origen de la humanidad.
910 ## - VALIDACIÓN
Validación VMateo V.
942 ## - ADDED ENTRY ELEMENTS (KOHA)
Source of classification or shelving scheme Dewey Decimal Classification
Koha item type Libros
Existencias
Withdrawn status Lost status Source of classification or shelving scheme Damaged status Not for loan Collection code Home library Current library Date acquired Source of acquisition Full call number Barcode Date last seen Price effective from Koha item type
    Dewey Decimal Classification     Colección General Biblioteca Pública Metropolitana Salomé Ureña Biblioteca Pública Metropolitana Salomé Ureña 06/21/2016 Compra BPMSU CG 573.2 E21h 2004 BPMSU16060264 06/21/2016 06/21/2016 Libros